[Event "Vladimir op"]
[Site "Vladimir"]
[Date "2002.??.??"]
[Round "?"]
[White "Yakovlev, Yuri S"]
[Black "Sharankov, Grigory"]
[Result "0-1"]
[WhiteElo "2089"]
[BlackElo "2159"]
[PlyCount "126"]
[EventDate "2002.??.??"]
[EventType "swiss"]
[EventRounds "9"]
[EventCountry "RUS"]
[SourceTitle "EXT 2008"]
[Source "ChessBase"]
[SourceDate "2007.11.25"]
[SourceVersion "1"]
[SourceVersionDate "2007.11.25"]
[SourceQuality "1"]

1. d4 Nf6 2. c4 e6 3. Nc3 Bb4 4. e3 c5 5. Bd3 0-0 6. Nf3 d5 7. 0-0 Nc6 8. a3 Bxc3 9. bxc3 dxc4 10. Bxc4 Qc7 11. Bd3 e5 12. Qc2 Re8 13. Nxe5 Nxe5 14. dxe5 Qxe5 15. h3 Be6 16. f4 Qc7 17. c4 b5 18. cxb5 c4 19. Be2 Qc5 20. Bf3 Bf5 21. Qc3 Rad8 22. Rd1 Qxb5 23. Bb2 Bd3 24. Re1 Rb8 25. Bc1 Qc5 26. a4 Rb3 27. Ba3 Qb6 28. Qc1 a5 29. Bd1 Rb4 30. Bxb4 axb4 31. a5 Qb8 32. a6 b3 33. a7 Qb7 34. Bf3 Ne4 35. Bxe4 Qxe4 36. Qc3 Qb7 37. Red1 h6 38. Qd4 Ra8 39. Rd2 Bc2 40. Rxc2 bxc2 41. Rc1 Qb1 42. Qd2 Rxa7 43. Qxc2 Qb6 44. Qxc4 Qxe3+ 45. Kh2 Re7 46. Rc3 Qb6 47. Qc8+ Kh7 48. Qf5+ g6 49. Qc5 Qf6 50. Rf3 Re4 51. f5 g5 52. Qc3 Qd6+ 53. Kg1 Rf4 54. Rxf4 gxf4 55. f6 Kg6 56. Kf2 Qxf6 57. Qxf6+ Kxf6 58. Kf3 Kf5 59. Kf2 Ke4 60. Ke2 h5 61. h4 Kf5 62. Kf3 f6 63. Kf2 Kg4 0-1